[Event "BCF-chT3a 0001 (4NCL)"]
[Site "Birmingham"]
[Date "2001.03.17"]
[Round "7.4"]
[White "Millin, Lester"]
[Black "White, Ian Graham"]
[Result "1-0"]
[WhiteElo "1832"]
[BlackElo "2131"]
[PlyCount "61"]
[EventDate "2000.11.26"]
[EventType "team-tourn"]
[EventRounds "7"]
[EventCountry "ENG"]
[SourceTitle "EXT 2002"]
[Source "ChessBase"]
[SourceDate "2001.11.25"]
[SourceVersion "1"]
[SourceVersionDate "2001.11.25"]
[SourceQuality "1"]
[WhiteTeam "NCCL"]
[BlackTeam "Gwent Dragons"]
[WhiteTeamCountry "ENG"]
[BlackTeamCountry "ENG"]

1. d4 f5 2. Nf3 Nf6 3. c4 g6 4. Nc3 Bg7 5. e3 0-0 6. Bd2 d6 7. Be2 c6 8. Rc1 Qe8 9. Qb3 h6 10. 0-0 Nbd7 11. Rfd1 Kh8 12. Qc2 e5 13. d5 e4 14. Nd4 Ne5 15. f4 exf3 16. Bxf3 cxd5 17. Nxd5 Nxf3+ 18. Nxf3 Qd8 19. Nxf6 Bxf6 20. Bc3 Qe7 21. Qd2 Rd8 22. e4 Bxc3 23. Rxc3 fxe4 24. Qxh6+ Qh7 25. Qxh7+ Kxh7 26. Ng5+ Kg8 27. Nxe4 Bf5 28. Ng3 Rd7 29. Nxf5 gxf5 30. Rcd3 Rad8 31. Rd5 1-0